Informe ICAB 2016

Detalles Bibliográficos
Formato: eBook
Lenguaje:español
Publicado: Barcelona: Ilʺlustre colʺlegi de l'advocacia de Barcelona, 2016
Materias:
Acceso en línea:Acceso restringido

MARC

LEADER 00000nam a22000007a 4500
005 20170221231240.0
007 cr|||| ||||
008 170221s2016 es |||||s|||| 00||0 spa d
035 |a 14745 
040 |a vLex 
090 |c 6566  |d 6566 
245 0 0 |a Informe ICAB 2016  |h [Recurso electrn̤ico] / 
256 |a Servicio en ln̕ea 
260 |a Barcelona:  |b Ilʺlustre colʺlegi de l'advocacia de Barcelona,  |c 2016 
300 |a 1 recurso electrn̤ico 
506 1 |a Disponible solo en los productos indicados  |d vLex Global  |d vLex Global (Academic Edition, excluding Law Schools)  |d vLex Global (U.S. Academic Edition, Law Schools)  |d vLex Global (U.S. Academic Edition, excluding Law Schools)  |d vLex Global (Academic Edition, Law Schools) 
650 0 4 |a Derecho Civil  |z Espaą 
650 0 4 |a Derecho Penal  |z Espaą 
650 0 4 |a Derecho Pb︢lico y Administrativo  |z Espaą 
740 0 |a vLex Libros (Servicio en ln̕ea) 
856 4 0 |u http://vlex.com/source/informe-icab-2016-14745  |z Acceso restringido 
942 |c BOOK 
999 0 |a Civil Law 
999 0 |a Criminal Law 
999 0 |a Public and Administrative Law